| 000 | 02213cam a22004814i 4500 | ||
|---|---|---|---|
| 003 | PE-LiUPU | ||
| 005 | 20250731172933.0 | ||
| 008 | 150623s1992 fu r 000 0 spa d | ||
| 020 | _a0829709975 | ||
| 035 | _a(Sirsi) i9780829709971 | ||
| 040 |
_aPE-LiUPU _bspa _cPE-LiUPU _erda |
||
| 049 | _aPRUA | ||
| 082 | 0 | 4 |
_a266.001 _bP28 _221 |
| 100 | 1 |
_aPate Larry, D., _eautor. |
|
| 245 | 1 | 0 |
_aMisionología : _bnuestro cometido transcultural / _cLarry D. Pate. |
| 264 | 1 |
_aFlorida : _bEditorial Vida, _c1992. |
|
| 300 |
_a447 páginas ; _c22 centímetros |
||
| 336 |
_atext _2rdacontent |
||
| 337 |
_aunmediated _2rdamedia |
||
| 338 |
_avolume _2rdacarrier |
||
| 505 | 0 | _aLa misión de Dios en las escrituras -- Pueblos no alcanzados: La tarea inconclusa -- Cómo establecer iglesias autóctonas -- La comunicación a través de fronteras culturales -- Principios del aprendizaje de una lengua y la cultura -- Principios del ministerio intercultural eficaz -- La planificación de estrategias para el evangelismo intercultural -- La organización eficaz para el evangelismo intercultural. | |
| 526 | _aSEG42 | ||
| 526 | _aSEG41 | ||
| 526 | _aSEG40 | ||
| 526 | _aSEG39 | ||
| 526 | _aP94 | ||
| 526 | _aP87 | ||
| 526 | _aP86 | ||
| 526 | _aP85 | ||
| 526 | _aP77 | ||
| 526 | _aP76 | ||
| 526 | _aP35 | ||
| 650 | 0 | 4 |
_aMIisión de la iglesia _ySiglo XX. |
| 942 |
_2ddc _cBOOK |
||
| 949 |
_a266.001 P28 _wDEWEY _c1 _i38656 _lCCODEBUL1 _mBUL _r0 _sY _tBOOK _u2015-6-24 _xTEOLOGIA _PP35 _0COMPRA _o.STAFF. Colección General |
||
| 949 |
_a266.001 P28 _wDEWEY _c2 _i44002 _d2016-10-19 _e2016-10-17 _lCCODEBUL1 _mBUL _n2 _r0 _sY _tBOOK _u2015-6-24 _xTEOLOGIA _PP35 _0COMPRA _o.STAFF. Colección General |
||
| 994 |
_aC0 _bPEPRU |
||
| 596 | _a1 | ||
| 999 |
_a266.001 P28 _wDEWEY _c20880 _i38656 _f2021-11-10 _g5 _lCCODEBUL1 _mBUL _q1 _r0 _sY _tBOOK _u2015-6-24 _xTEOLOGIA _PP35 _0COMPRA _o.STAFF. Colección General _d20880 |
||
| 999 |
_a266.001 P28 _wDEWEY _c2 _i44002 _d2018-4-25 _e2016-10-17 _f2021-11-10 _g5 _lCCODEBUL1 _mBUL _n2 _p20.00 _q2 _r0 _sY _tBOOK _u2015-6-24 _xTEOLOGIA _PP35 _0COMPRA _o.STAFF. Colección Teología |
||
| 980 |
_81 _gALBERTO SANCHEZ Responsable de Automatización |
||